| 000 | 00615nam a2200217 i 4500 | ||
|---|---|---|---|
| 001 | C2-0167071 | ||
| 003 | PPAK | ||
| 005 | 20180727133414.0 | ||
| 008 | 980701s1978 ne a|||| ||||| | eng d | ||
| 040 |
_aPPAK _beng _cPPAK _erda |
||
| 082 | 0 | 4 |
_a297.09 _223 |
| 090 | 0 | 0 |
_a297.09 _bEAR _dKIH |
| 245 | 0 | 3 | _aAn early Javanese code of Muslim ethics |
| 264 | 1 |
_aThe Hague : _bMaartinus Nijhoff , _c1978 |
|
| 300 |
_aVIII, 103 pages : _billustrations ; _c24 cm |
||
| 336 |
_2rdacontent _atext |
||
| 337 |
_2rdamedia _aunmediated |
||
| 338 |
_2rdacarrier _avolume |
||
| 700 | 1 |
_aDrewes, G.W.J., _eeditor |
|
| 942 |
_ddc _cB |
||
| 999 |
_c49248 _d49248 |
||